Movies Quiz

Random Movies Quiz

Cursing Without Cursing in the Movies Quiz Stats

Quiz not verified by Sporcle

Also try: Last Movie Posters
Challenge
Share
Tweet
Score 0/34 Timer 09:00
0 Plays Today
00:00 Movie % Correct
00:59The Empire Strikes Back
96.4%
03:03The Empire Strikes Back
96.4%
00:42The Smurfs
94.2%
01:37Elf
92.1%
00:11Napoleon Dynamite
89.9%
02:22The Wizard of Oz
89.9%
00:57Star Trek
88.5%
01:31Dumb and Dumber
87.8%
02:06Anchorman: The Legend of Ron Burgundy
86.3%
00:00Fantastic Mr. Fox
85.6%
02:15Monty Python and the Holy Grail
84.9%
01:05The Breakfast Club
84.2%
02:42A Clockwork Orange
84.2%
01:16¡Three Amigos!
82.7%
01:50Misery
80.6%
01:44Who Framed Roger Rabbit
79.9%
02:45The Princess Bride
79.1%
00:00 Movie % Correct
01:09Hook
78.4%
00:50Spy Kids
77.7%
00:35A Christmas Story
72.7%
02:54The Sandlot
71.2%
01:48A Bug's Life
66.9%
03:16The Life Aquatic with Steve Zissou
65.5%
00:54Serenity
54.7%
02:11Short Circuit
54.7%
01:40The Hitchhiker's Guide to the Galaxy
46%
00:27Almost Famous
38.1%
02:09Cats & Dogs
38.1%
02:31True Romance
35.3%
00:18Johnny Dangerously
13.7%
00:21A Midsummer Night's Dream
12.9%
02:03Splash
7.9%
01:57Never Give a Sucker an Even Break
6.5%
01:25You Can't Cheat an Honest Man
5.8%

You're not logged in!

Compare scores with friends on all Sporcle quizzes.
Sign Up with Email
OR
Log In

You Might Also Like...

Show Comments

Extras

Top Quizzes Today


Score Distribution

Your Account Isn't Verified!

In order to create a playlist on Sporcle, you need to verify the email address you used during registration. Go to your Sporcle Settings to finish the process.